Enciclopedia de las ciencias filosóficas

Enregistré dans:
Détails bibliographiques
Auteur principal: Hegel, G.W.F. Georg Wilhelm Friedrich Hegel
Format: Livre
Langue:Undetermined
Publié: México, Distrito Federal Porrúa 1977
Collection:Sepan cuantos... No.187
Sujets:
Tags: Ajouter un tag
Pas de tags, Soyez le premier à ajouter un tag!

MARC

LEADER 00000nam a2200000Ia 4500
008 170316s9999 xx 000 0 und d
040 |a cru BVZT 
090 |a R-413 H-1e FILO 
100 |a Hegel, G.W.F.  |q Georg Wilhelm Friedrich Hegel 
245 |a Enciclopedia de las ciencias filosóficas 
260 |a México, Distrito Federal 
260 |b Porrúa 
260 |c 1977 
300 |a 314 páginas 
490 |a Sepan cuantos...  |v No.187 
650 0 |a REFERENCIA  |9 27 
650 0 |a FILOSOFÍA  |9 5 
650 0 |a ENCICLOPEDIA  |9 87 
650 0 |a CIENCIAS FILOSÓFICAS  |9 88 
942 |c REF  |2 z 
999 |c 14664  |d 14664